Normal view
MARC view
- Computing
Entry Topical Term
001 - CONTROL NUMBER
- control field: 94045
003 - CONTROL NUMBER IDENTIFIER
- control field: NUST
005 - DATE AND TIME OF LATEST TRANSACTION
- control field: 20220720130042.0
008 - FIXED-LENGTH DATA ELEMENTS
- fixed length control field: 220720|| aca||aabn | a|a d
040 ## - CATALOGING SOURCE
- Original cataloging agency: NUST
- Transcribing agency: NUST
150 ## - HEADING--TOPICAL TERM
- Topical term or geographic name entry element: Computing
670 ## - SOURCE DATA FOUND
- Source citation: Work cat.: (NUST)179520: Heathcote R.S.U 94044, Successful Projects in Computing/ , 2003
